[Event "FRA-ch op-D"]
[Site "Aix les Bains"]
[Date "2007.08.15"]
[Round "2"]
[White "Bonnet de Jacquemet, Romain"]
[Black "Terol, Patrick"]
[Result "0-1"]
[WhiteElo "1390"]
[BlackElo "1480"]
[PlyCount "86"]
[EventDate "2007.08.13"]
[EventType "swiss"]
[EventRounds "11"]
[EventCountry "FRA"]
[SourceTitle "CBM 120 Extra"]
[Source "ChessBase"]
[SourceDate "2007.11.01"]
[SourceVersion "1"]
[SourceVersionDate "2007.11.01"]
[SourceQuality "1"]

1. d4 d5 2. Bf4 Nf6 3. Nc3 c6 4. Nf3 Bg4 5. e3 e6 6. a3 h6 7. Bxb8 Rxb8 8. Be2 Bf5 9. 0-0 Be7 10. Qd2 0-0 11. Bd3 Be4 12. Ne5 Qc7 13. f3 Bh7 14. Bxh7+ Nxh7 15. f4 a6 16. b4 b6 17. Ne2 c5 18. c3 c4 19. a4 a5 20. b5 Rbe8 21. Qc2 Qc8 22. f5 Nf6 23. fxe6 Qxe6 24. Qf5 Qxf5 25. Rxf5 Kh7 26. Raf1 Rd8 27. Nc6 Rd7 28. Nf4 g6 29. Re5 Bd6 30. Rxd5 Nxd5 31. Nxd5 Bxh2+ 32. Kxh2 Rxd5 33. Ne5 Kg7 34. g3 f6 35. Nc6 Rf5 36. Rxf5 gxf5 37. Kh3 Re8 38. d5 Rxe3 39. d6 Rxc3 40. Ne7 Rd3 41. Kh4 Kf7 42. Nxf5 c3 43. d7 Rxd7 0-1